000 00664nam a2200229 a 4500
999 _c5164
_d5164
001 5164
003 BD-JhCC
005 20171213094822.0
008 171209s1977 bg ||||| |||| 00| 0 ben d
035 _a(BD-JhCC)5164
040 _aBD-JhCC
_dBD-JhCC
041 _aben
082 _a330
_bRAH 1977
100 _aরহমান, আনিসুর
245 _aঅর্থশাস্ত্র পরিচয় /
_b আনিসুর রহমান
260 _aঢাকা :
_bপুথিঘর লিমিটেড,
_c1977.
300 _a399 p. :
_c20 cm.
650 _aEconomics
650 _aBengali grammar
942 _2ddc
_cBK